000 01904nam a2200373 c 4500
003 BLK
005 20250728100239.0
008 180409b bul|||||r ||||||| ||bul||
010 _aKNG00102481000
020 _a954-8070-02-2
_bиздат.: Калпазанов
020 _a954-8070-01-4
_bиздат.: Калпазанов - на том(ч. 1)
040 _aBLK
041 _aBUL
_cBUL
080 _aАнглийска литература
_b821.111
_x-31
_z821.111-31
100 1 _aКронин, Арчибалд Джоузеф
_eпърви автор
_9242810
700 1 _aАнтонов, Михаил
_eпрев. от англ.
_9284738
700 1 _aФлорин, Сидер Петров
_d1912-1999
_gПреводач от руски и английски език
_eпрев. от англ.
_9134445
139 _aКронин, Арчибалд Джоузеф
_bК 91
245 1 0 _aЗамъкът на шапкаря
_bРоман : Ч. 1 -
_cАрчибалд Джоузеф Кронин; прев. от англ. Михаил Антонов; прев. от англ. Сидер Петров Флорин.
_nЧ. 1
257 _aGBR
260 ГаБрово
_bКалпазанов
_c1991 -
300 _c20 см
380 _aX
490 1 _aРоман на всички времена
500 _aОриг. загл. Hatter's Castle / Archibald Cronin. - 1. изд. 1960 в едно кн. тяло на изд. Нар. култура в библ. Избрани романи № 2.
653 _aромани
760 1 _3- на том(ч. 1)
_aКронин, Арчибалд Джоузеф
_dКалпазанов, 1991
_h216 с. : с ил.
_tЧ. 1
852 _aЦб 166454
856 4 _qpdf
_u
856 4 _qpdf
_u
942 _cKNG
_n0
_052
944 _aCR
_c01.01.1999
_lЦветелина Шанова
_k30531
944 _aED
_c09.11.2016
_lф /
_kЛюдмила_Стоянова
999 _c97569
_d97569